Iskelmä-Finlandian voittajat - Statistics

Yleistilastot
  • Tätä visaa on pelattu 65 kertaa
  • Keskiarvotulos 7 / 20
Vastaustilastot
Vuosi Voittaja % Oikein
2003 Kari Tapio
88%
2014 Katri Helena
73%
2006 Paula Koivuniemi
71%
2018 Danny
51%
2005 Jari Sillanpää
51%
2021 Arja Koriseva
37%
2004 Matti ja Teppo
37%
2016 Suvi Teräsniska
37%
2022 Mikko Alatalo
34%
2012 Pave Maijanen
32%
2002 Marion Rung
29%
2008 Olli Lindholm
29%
2011 Pepe Willberg
29%
2007 Eino Grön
24%
2010 Laura Voutilainen
22%
2015 Pate Mustajärvi
22%
2019 Vicky Rosti
22%
2017 Markku Aro
17%
2001 Antti Huovila
12%
2009 Charles Plogman
7%
Ehtoja vastaavia visoja ei löytynyt
Tulosjakauma
Jokaisen tuloksen saaneiden osuus
Persentiili vastausten määrän mukaan
Tuloshistoriasi
Et ole pelannut tätä visaa